[Event "Lueneburg distr-ch U16/18"]
[Site "Lueneburg"]
[Date "2017.10.11"]
[Round "6"]
[White "Von Estorff, Jacob"]
[Black "Zoellner, Bente"]
[Result "1-0"]
[WhiteElo "1937"]
[BlackElo "1293"]
[PlyCount "85"]
[EventDate "2017.10.09"]
[EventType "swiss"]
[EventRounds "7"]
[EventCountry "GER"]
[SourceTitle "EXT 2019"]
[Source "ChessBase"]
[SourceDate "2018.10.10"]
[SourceVersion "1"]
[SourceVersionDate "2018.10.10"]
[SourceQuality "1"]

1. e4 c5 2. Nf3 Nc6 3. d4 cxd4 4. Nxd4 g6 5. Be3 Bg7 6. Nc3 Nf6 7. Qd2 Ng4 8. Nxc6 bxc6 9. Bd4 Nf6 10. Bc4 Rb8 11. 0-0 0-0 12. Rfe1 d6 13. Bxa7 Ra8 14. Bd4 Qa5 15. h3 Ba6 16. Bxa6 Rxa6 17. e5 Nd5 18. exd6 exd6 19. Bxg7 Kxg7 20. Qd4+ Kg8 21. Ne4 Re8 22. c4 f5 23. cxd5 fxe4 24. dxc6 Rxc6 25. Rxe4 Rec8 26. Re7 Qe5 27. Rxe5 dxe5 28. Qxe5 R6c7 29. a4 Ra7 30. Qe6+ Kg7 31. Qxc8 Rf7 32. a5 h5 33. a6 Ra7 34. Rd1 g5 35. Rd6 Rf7 36. Qe6 Kf8 37. Qxf7+ Kxf7 38. a7 g4 39. a8Q gxh3 40. Qb7+ Ke8 41. Ra6 h2+ 42. Kh1 h4 43. Ra8# 1-0

[Event "GER-ch U25-A"]
[Site "Willingen"]
[Date "2017.06.10"]
[Round "9"]
[White "Von Estorff, Jacob"]
[Black "Pahl, Theis"]
[Result "1-0"]
[WhiteElo "1900"]
[BlackElo "1692"]
[PlyCount "133"]
[EventDate "2017.06.04"]
[EventType "swiss"]
[EventRounds "9"]
[EventCountry "GER"]
[SourceTitle "CBM 178 Extra"]
[Source "ChessBase"]
[SourceDate "2017.06.22"]
[SourceVersion "1"]
[SourceVersionDate "2017.06.22"]
[SourceQuality "1"]

1. e4 e5 2. Nf3 Nc6 3. d4 exd4 4. Nxd4 Nf6 5. Nxc6 bxc6 6. e5 Qe7 7. Qe2 Nd5 8. Nd2 g6 9. Nf3 Qb4+ 10. Qd2 Qe4+ 11. Be2 Ba6 12. Kf1 Bxe2+ 13. Qxe2 Qxe2+ 14. Kxe2 Bg7 15. Re1 0-0 16. Kf1 Rab8 17. Re2 Rfe8 18. c3 f6 19. exf6 Rxe2 20. Kxe2 Bxf6 21. Kd3 Kg7 22. Kc2 Re8 23. Bd2 c5 24. Re1 Rxe1 25. Nxe1 Kf7 26. Nd3 c4 27. Nc5 Ke7 28. Nb7 Be5 29. g3 Nb6 30. Be3 d5 31. Nc5 Kd6 32. Kd2 Kc6 33. Ne6 Bd6 34. Nd4+ Kd7 35. Nb5 Nc8 36. Nxa7 Nxa7 37. Bxa7 c5 38. Bb6 Be7 39. a4 Kc6 40. a5 Bf6 41. Ke3 Kb5 42. f4 Bg7 43. g4 Bf6 44. h3 Bg7 45. Bd8 d4+ 46. Kd2 Bh6 47. Bc7 Bf8 48. f5 gxf5 49. gxf5 d3 50. f6 Ka6 51. Bd8 Kb5 52. Be7 Bh6+ 53. Kd1 Bg5 54. Bd8 Bh6 55. h4 Bf4 56. Be7 Kxa5 57. f7 Bh6 58. f8Q Bxf8 59. Bxf8 Kb5 60. Kd2 Kc6 61. Bh6 Kd5 62. Ke3 Ke5 63. Bf4+ Kd5 64. h5 Kc6 65. Ke4 Kb6 66. Kd5 Kb5 67. Bd2 1-0

[Event "GER-ch U25-A"]
[Site "Willingen"]
[Date "2017.06.04"]
[Round "2"]
[White "Niemann, Leon Pascal"]
[Black "Von Estorff, Jacob"]
[Result "0-1"]
[WhiteElo "1709"]
[BlackElo "1900"]
[PlyCount "84"]
[EventDate "2017.06.04"]
[EventType "swiss"]
[EventRounds "9"]
[EventCountry "GER"]
[SourceTitle "CBM 178 Extra"]
[Source "ChessBase"]
[SourceDate "2017.06.22"]
[SourceVersion "1"]
[SourceVersionDate "2017.06.22"]
[SourceQuality "1"]

1. Nf3 Nf6 2. g3 c5 3. Bg2 Nc6 4. 0-0 d5 5. d3 e5 6. Nbd2 Be7 7. e4 0-0 8. Qe2 d4 9. Nh4 Qc7 10. f4 exf4 11. Rxf4 g5 12. Rxf6 Bxf6 13. Nhf3 Ne5 14. Nxe5 Bxe5 15. Nc4 b5 16. Na3 b4 17. Nc4 f6 18. Bd2 Be6 19. Nxe5 Qxe5 20. Qd1 a5 21. b3 a4 22. g4 Rf7 23. Bc1 Rfa7 24. Bb2 axb3 25. axb3 Rxa1 26. Bxa1 Bxg4 27. Qxg4 Rxa1+ 28. Bf1 Ra7 29. h4 Re7 30. h5 Kg7 31. Be2 Kh8 32. Kh1 Rg7 33. Kg2 Rg8 34. Bd1 Qf4 35. Qf5 Qxf5 36. exf5 Kg7 37. Bg4 Kf7 38. Kf2 Ke7 39. h6 Kd6 40. Bh5 Ke5 41. Bg6 Rh8 42. Bh5 Kxf5 0-1

[Event "GER-chT U14"]
[Site "Duesseldorf"]
[Date "2016.12.30"]
[Round "7.1"]
[White "Von Estorff, Jacob"]
[Black "Righi, Sofian"]
[Result "1-0"]
[WhiteElo "1885"]
[BlackElo "1760"]
[PlyCount "83"]
[EventDate "2016.12.27"]
[EventType "team-swiss"]
[EventRounds "7"]
[EventCountry "GER"]
[SourceTitle "EXT 2022"]
[Source "ChessBase"]
[SourceDate "2021.10.06"]
[SourceVersion "1"]
[SourceVersionDate "2021.10.06"]
[SourceQuality "1"]
[WhiteTeam "Uelzen Post U14"]
[BlackTeam "Duesseldorf SK U14"]
[WhiteTeamCountry "GER"]
[BlackTeamCountry "GER"]

1. e4 c5 2. Nf3 d6 3. d4 cxd4 4. Nxd4 Nf6 5. Nc3 g6 6. Be2 Bg7 7. Be3 0-0 8. 0-0 Nc6 9. h3 Bd7 10. Qd2 a6 11. f4 Nxd4 12. Bxd4 Bc6 13. Bf3 Qa5 14. Rad1 Rfd8 15. Rfe1 b5 16. Qf2 Rab8 17. e5 dxe5 18. fxe5 Nd5 19. Bxd5 Bxd5 20. Ba7 Rb7 21. Nxd5 Rdd7 22. Bc5 e6 23. Nf6+ Bxf6 24. exf6 Qxa2 25. Rxd7 Rxd7 26. Bd4 Qd5 27. c3 b4 28. Qf4 g5 29. Qb8+ Rd8 30. Qxb4 h6 31. Qc5 Qb3 32. Qb6 Qxb6 33. Bxb6 Rb8 34. Bd4 Rxb2 35. Ra1 Re2 36. Rxa6 Kh7 37. Ra8 e5 38. Re8 Kg6 39. Rxe5 Rc2 40. Re8 Kf5 41. Rf8 Kg6 42. Rg8+ 1-0